000 00287nam a22001337a 4500
008 170220b xxu||||| |||| 00| 0 eng d
020 _a9780803614550
041 _aeng
080 _210 ED
_a615
100 _a5
101 _aSHF
245 _aDRUG GUIDE NURSES
_cHOPFER
942 _2udc
_cBK
999 _c5808
_d5808